| 000 | 00399 a2200121 4500 | ||
|---|---|---|---|
| 001 | ART_12303 | ||
| 005 | 20260410161905.0 | ||
| 008 | 260409a | ||
| 245 | 1 | 0 | _aFurther evidence on the robustness of the Tobit estimator to heteroskedasticity |
| 100 | 1 | _aSchmidt, Peter | |
| 700 | 1 | _aArabmazar, Abbas | |
| 773 | 0 |
_tJournal of econometrics _g- Vol. 17, NÂș 2 (nov. 1981) _wREV11720 |
|
| 999 |
_c26251 _d26251 |
||